LIBERALIZING CAPITAL FLOWS INDIA S EXPER (Record no. 12339)

MARC details
000 -LEADER
fixed length control field 00351nam a2200133Ia 4500
008 - FIXED-LENGTH DATA ELEMENTS--GENERAL INFORMATION
fixed length control field 240624s9999 xx 000 0 und d
041 ## - LANGUAGE CODE
Language code of text/sound track or separate title eng
082 ## - DEWEY DECIMAL CLASSIFICATION NUMBER
Classification number 332 KOH
100 ## - MAIN ENTRY--PERSONAL NAME
Personal name KOHLI RENU
245 ## - TITLE STATEMENT
Title LIBERALIZING CAPITAL FLOWS INDIA S EXPER
260 ## - PUBLICATION, DISTRIBUTION, ETC.
Date of publication, distribution, etc. 2008
Place of publication, distribution, etc. New Delhi
Name of publisher, distributor, etc. Oxford University press
300 ## - PHYSICAL DESCRIPTION
Extent 241 : p. : cm ; 22
365 ## - TRADE PRICE
Currency code RS
Price amount 30
Holdings
Withdrawn status Lost status Damaged status Not for loan Home library Current library Shelving location Date acquired Source of acquisition Cost, normal purchase price Total Holds Full call number Barcode Date last seen Copy number Price effective from Koha item type
        IMTN IMTN Rack 9-A 01/21/2009 PSBE 245.00 548 332 KOH 12339 06/24/2024 1 06/24/2024 Books
Designed & Maintained by: LRC IMT Nagpur Contact: lrc@imtnag.ac.in© 2024. All Rights Reserved.